000
00397nam a2200133Ia 4500
008
151001s9999||||xx |||||||||||||| ||und||
100
_a
जयद्याल गोयन्द्का
245
_a
व्यवहारमे परमार्थ कि कला
250
_a
1
260
_b
गिता एजन्सी
260
_c
1994
300
_a
208
365
_b
21
999
_c
971089
_d
971086